000 00417nab a2200145Ia 4500
003 ES-SlBCS
005 20210601133931.0
008 140529s1996 xxu||||| |||| 00| 0 por d
041 _apor
100 1 _aChacon, Vamireh
_9208891
245 0 0 _aSímbolo, nome e palavra
_c Vamireh Chacon
650 0 4 _aConocimiento Simbólico
_9211369
773 0 _tSintese
_gvol. 23, nº. 73, 1996, págs. 265-271
_wRev973
942 _cAR
999 _c604407
_d604407